|
|
|
|
| LEADER |
00000nam a2200000 i 4500 |
| 001 |
1/13166 |
| 008 |
001120s1990 gre d |
| 020 |
|
|
|a 960-236-127-1
|
| 035 |
|
|
|l 10064511
|
| 040 |
|
|
|a GR-MY-UA
|b gre
|e aacr
|
| 041 |
0 |
|
|a gre
|
| 082 |
0 |
|
|a 781.650266
|
| 100 |
1 |
|
|a Γιαννουλόπουλος, Κώστας,
|d 1948-
|
| 245 |
1 |
0 |
|a Τζαζ 1900-1990 :
|b ιστορικός και δισκογραφικός οδηγός /
|c Κώστας Γιαννουλόπουλος
|
| 250 |
|
|
|a 2η έκδ.
|
| 260 |
|
|
|a Αθήνα :
|b Λιβάνης,
|c 1990
|
| 300 |
|
|
|a 269, [13] σ.
|
| 504 |
|
|
|a Περιέχει ευρετήριο
|
| 650 |
0 |
0 |
|a Jazz
|x Discography.
|
| 650 |
0 |
0 |
|a Jazz
|x History and criticism.
|
| 852 |
|
|
|a INST
|b LESVOS
|e 20001120
|h 781.650266 ΓΙΑ
|p 005100029047
|q 005100029047
|t BK
|y 0
|
| 901 |
|
|
|a BIBL1-2001-1
|
| 909 |
|
|
|a Λ
|b 082288
|
| 922 |
|
|
|a 1ΕΛΗ
|b 200011
|c ΤΑΚ/ΠΤΕ
|d ΠΑΠΑΣΩΤΗΡΙΟΥ
|
| 950 |
|
|
|a 185-2000-07-07
|
| 970 |
|
|
|a ΤΖΑΦΕΡΗ
|b ΕΥΑΓΓΕΛΙΑ
|z 2001/03/26
|